000 00414nam a22001697a 4500
003 NUST - PNEC
005 20170116181152.0
008 151201b xxu||||| |||| 00| 0 eng d
020 _a0195637313
040 _cLIBRARY
082 _a598.2954 SAL
100 _915506
_aAli, Sálim
245 _aThe book of Indian birds
_cSálim Ali
260 _cc1996.
650 _915507
_aIndia
_xGeneral
942 _2ddc
_cBK
999 _c70992
_d70992